<?xml version="1.0" encoding="UTF-8"?>
<record
    xmlns:xsi="http://www.w3.org/2001/XMLSchema-instance"
    xsi:schemaLocation="http://www.loc.gov/MARC21/slim http://www.loc.gov/standards/marcxml/schema/MARC21slim.xsd"
    xmlns="http://www.loc.gov/MARC21/slim">

  <leader>01358nam a2200337 a 4500</leader>
  <controlfield tag="005">20240514123720.0</controlfield>
  <controlfield tag="008">100309s2009||||sp il. f |||| 001 0 spa d</controlfield>
  <datafield tag="020" ind1=" " ind2=" ">
    <subfield code="a">9788480864954</subfield>
  </datafield>
  <datafield tag="041" ind1=" " ind2=" ">
    <subfield code="a">spa</subfield>
  </datafield>
  <datafield tag="092" ind1=" " ind2=" ">
    <subfield code="c">616</subfield>
    <subfield code="l">30</subfield>
    <subfield code="s">GOL</subfield>
  </datafield>
  <datafield tag="100" ind1="1" ind2=" ">
    <subfield code="a">Goldman, Lee</subfield>
    <subfield code="e">Edit.</subfield>
    <subfield code="9">1800</subfield>
  </datafield>
  <datafield tag="245" ind1=" " ind2=" ">
    <subfield code="a">CECIL. Tratado de Medicina Interna. </subfield>
    <subfield code="b">T.2 /</subfield>
    <subfield code="c">Lee Goldman</subfield>
  </datafield>
  <datafield tag="250" ind1=" " ind2=" ">
    <subfield code="a">23a ed. versi&#xF3;n en espa&#xF1;ol de la 23 ed. de la obra original en ingl&#xE9;s</subfield>
    <subfield code="b">Revisi&#xF3;n cient&#xED;fica y t&#xE9;cnica Carlos Barros Aguado [et. al]</subfield>
  </datafield>
  <datafield tag="260" ind1=" " ind2=" ">
    <subfield code="a">Barcelona: </subfield>
    <subfield code="b">Elsevier ; Saunders;</subfield>
    <subfield code="c">2009.</subfield>
  </datafield>
  <datafield tag="300" ind1=" " ind2=" ">
    <subfield code="a">1603-2995 p.</subfield>
  </datafield>
  <datafield tag="500" ind1=" " ind2=" ">
    <subfield code="a">Goldman, L. y Ausiello, D. (Eds.). (2009). CECIL. Tratado de medicina interna. T.2 (23a ed.). Barcelona : Elsevier ; Saunders.</subfield>
  </datafield>
  <datafield tag="653" ind1=" " ind2=" ">
    <subfield code="a">Enfermedades nutricionales</subfield>
  </datafield>
  <datafield tag="653" ind1=" " ind2=" ">
    <subfield code="a">Enfermedades endocrinas</subfield>
  </datafield>
  <datafield tag="653" ind1=" " ind2=" ">
    <subfield code="a">Salud en la mujer</subfield>
  </datafield>
  <datafield tag="653" ind1=" " ind2=" ">
    <subfield code="a">Enfermedades del metabolismo &#xF3;seo y mineral</subfield>
  </datafield>
  <datafield tag="653" ind1=" " ind2=" ">
    <subfield code="a">Enfermedades de la alergia y la inmunolog&#xED;a cl&#xED;nica</subfield>
  </datafield>
  <datafield tag="653" ind1=" " ind2=" ">
    <subfield code="a">Enfermedades reum&#xE1;ticas</subfield>
  </datafield>
  <datafield tag="653" ind1=" " ind2=" ">
    <subfield code="a">VIH y SIDA</subfield>
  </datafield>
  <datafield tag="653" ind1=" " ind2=" ">
    <subfield code="a">Neurolog&#xED;a</subfield>
  </datafield>
  <datafield tag="653" ind1=" " ind2=" ">
    <subfield code="a">Enfermedades de los ojos, los o&#xED;dos, la nariz y la garganta</subfield>
  </datafield>
  <datafield tag="653" ind1=" " ind2=" ">
    <subfield code="a">Interconsulta m&#xE9;dica</subfield>
  </datafield>
  <datafield tag="653" ind1=" " ind2=" ">
    <subfield code="a">Enfermedades de la piel</subfield>
  </datafield>
  <datafield tag="653" ind1=" " ind2=" ">
    <subfield code="a">Ap&#xE9;ndice: intervalos de referencia y valores de laboratorio</subfield>
  </datafield>
  <datafield tag="700" ind1="1" ind2=" ">
    <subfield code="a">Ausiello, Dennis</subfield>
    <subfield code="e">Editor</subfield>
    <subfield code="9">1801</subfield>
  </datafield>
  <datafield tag="942" ind1=" " ind2=" ">
    <subfield code="2">ddc</subfield>
    <subfield code="c">BK</subfield>
  </datafield>
  <datafield tag="999" ind1=" " ind2=" ">
    <subfield code="c">1088</subfield>
    <subfield code="d">1088</subfield>
  </datafield>
  <datafield tag="952" ind1=" " ind2=" ">
    <subfield code="0">0</subfield>
    <subfield code="1">0</subfield>
    <subfield code="2">ddc</subfield>
    <subfield code="4">0</subfield>
    <subfield code="7">0</subfield>
    <subfield code="a">BFM</subfield>
    <subfield code="b">BFM</subfield>
    <subfield code="c">CR</subfield>
    <subfield code="d">2012-08-03</subfield>
    <subfield code="l">10</subfield>
    <subfield code="m">4</subfield>
    <subfield code="o">616 30 GOL</subfield>
    <subfield code="p">2595</subfield>
    <subfield code="r">2016-08-18</subfield>
    <subfield code="s">2016-08-16</subfield>
    <subfield code="t">ej.1</subfield>
    <subfield code="w">2012-08-03</subfield>
    <subfield code="y">BK</subfield>
    <subfield code="z">Compra PROMED, Julio 2012. Hemeroteca 2024</subfield>
    <subfield code="f"></subfield>
  </datafield>
  <datafield tag="952" ind1=" " ind2=" ">
    <subfield code="0">0</subfield>
    <subfield code="1">0</subfield>
    <subfield code="2">ddc</subfield>
    <subfield code="4">0</subfield>
    <subfield code="7">0</subfield>
    <subfield code="a">BFM</subfield>
    <subfield code="b">BFM</subfield>
    <subfield code="c">CR</subfield>
    <subfield code="d">2012-08-03</subfield>
    <subfield code="l">34</subfield>
    <subfield code="m">1</subfield>
    <subfield code="o">616 30 GOL</subfield>
    <subfield code="p">2597</subfield>
    <subfield code="r">2015-10-19</subfield>
    <subfield code="s">2015-10-16</subfield>
    <subfield code="t">ej.2</subfield>
    <subfield code="w">2012-08-03</subfield>
    <subfield code="y">BK</subfield>
    <subfield code="z">Compra PROMED, Julio 2012. Hemeroteca 2024</subfield>
    <subfield code="f"></subfield>
  </datafield>
  <datafield tag="952" ind1=" " ind2=" ">
    <subfield code="0">0</subfield>
    <subfield code="1">0</subfield>
    <subfield code="2">ddc</subfield>
    <subfield code="4">0</subfield>
    <subfield code="7">0</subfield>
    <subfield code="a">BFM</subfield>
    <subfield code="b">BFM</subfield>
    <subfield code="c">CR</subfield>
    <subfield code="d">2012-08-03</subfield>
    <subfield code="l">33</subfield>
    <subfield code="m">2</subfield>
    <subfield code="o">616 30 GOL</subfield>
    <subfield code="p">2599</subfield>
    <subfield code="r">2017-08-17</subfield>
    <subfield code="s">2017-08-15</subfield>
    <subfield code="t">ej.3</subfield>
    <subfield code="w">2012-08-03</subfield>
    <subfield code="y">BK</subfield>
    <subfield code="z">Compra PROMED, Julio 2012. Hemeroteca 2024</subfield>
    <subfield code="f"></subfield>
  </datafield>
  <datafield tag="952" ind1=" " ind2=" ">
    <subfield code="0">0</subfield>
    <subfield code="1">0</subfield>
    <subfield code="2">ddc</subfield>
    <subfield code="4">0</subfield>
    <subfield code="7">0</subfield>
    <subfield code="a">BFM</subfield>
    <subfield code="b">BFM</subfield>
    <subfield code="c">CR</subfield>
    <subfield code="d">2017-03-22</subfield>
    <subfield code="e">Donacion Carlos Garrido, marzo 2017</subfield>
    <subfield code="l">1</subfield>
    <subfield code="m">1</subfield>
    <subfield code="o">616 30 GOL</subfield>
    <subfield code="p">3854</subfield>
    <subfield code="r">2017-04-11</subfield>
    <subfield code="s">2017-04-06</subfield>
    <subfield code="t">Ej. 4</subfield>
    <subfield code="w">2017-03-22</subfield>
    <subfield code="y">BK</subfield>
    <subfield code="z">Donacion Carlos Garrido, marzo 2017. Hemeroteca 2024</subfield>
    <subfield code="f"></subfield>
  </datafield>
</record>
